Statistics for Types of Dog Breeds

Click here to take the quiz!

General Stats

  • This quiz has been taken 31 times
    (20 since last reset)
  • The average score is 10 of 23

Answer Stats

Answer% Correct
German Shepherd
93%
Boxer
87%
Golden Retriever
87%
Beagle
80%
Pomeranian
80%
Pug
80%
Dachshund
73%
Poodle
73%
French Bulldog
60%
Chow Chow
53%
Akita
47%
Basenji
40%
Papillon
33%
Mastiff
27%
Affenpinscher
20%
Beauceron
13%
Cane Corso
13%
Komondor
13%
German Spitz
7%
Harrier
7%
Azawakh
0%
Hovawart
0%
Nederlandse Kooikerhondje
0%

Score Distribution

Percentile by Number Answered

Percent of People with Each Score

Your Score History

You have not taken this quiz since the last reset